[Event "San Fernando U2000"]
[Site "San Fernando"]
[Date "2017.01.27"]
[Round "2.9"]
[White "Lima, Damian"]
[Black "Gomez Gonzalez, Alvaro"]
[Result "0-1"]
[WhiteElo "1857"]
[BlackElo "1910"]
[PlyCount "112"]
[EventDate "2017.01.27"]
[EventType "swiss"]
[EventRounds "7"]
[EventCountry "CHI"]
[SourceTitle "EXT 2024"]
[Source "ChessBase"]
[SourceDate "2023.10.10"]
[SourceVersion "1"]
[SourceVersionDate "2023.10.10"]
[SourceQuality "1"]

1. e4 c5 2. Nf3 d6 3. d4 cxd4 4. Nxd4 Nf6 5. Nc3 a6 6. f3 e5 7. Nb3 Be6 8. Be3 Be7 9. Qd2 0-0 10. 0-0-0 a5 11. Kb1 a4 12. Nc1 Ra5 13. g4 d5 14. g5 d4 15. gxf6 Bxf6 16. Nd5 Bxd5 17. exd5 dxe3 18. Qxe3 Rxd5 19. Bd3 g6 20. Ne2 Qa5 21. h4 Qc5 22. Qe4 Nc6 23. Qxa4 Rfd8 24. a3 b5 25. Qe4 b4 26. a4 Nd4 27. Nc1 Qc6 28. b3 Qc3 29. Na2 Qc5 30. h5 Nc6 31. hxg6 hxg6 32. Rdg1 Bg7 33. Bc4 R5d6 34. Rxg6 Rd1+ 35. Rxd1 Rxd1+ 36. Nc1 Ne7 37. Rg2 Qd4 38. Qa8+ Qd8 39. Qxd8+ Rxd8 40. Nd3 Kf8 41. Rg1 Nc6 42. Bb5 Nd4 43. Nxb4 Nxf3 44. Rh1 e4 45. Bc4 Nd2+ 46. Ka2 Nxc4 47. bxc4 e3 48. Nd5 Bd4 49. c3 Bc5 50. Re1 Re8 51. Nf6 Re7 52. Nd5 Re5 53. Kb3 f5 54. Nf4 Re4 55. Nd3 Bd6 56. Re2 f4 0-1